La investigación científica: su estrategia y su filosofía

Uloženo v:
Podrobná bibliografie
Hlavní autor: Bunge, Mario
Médium: Kniha
Jazyk:španělština
Vydáno: Ciudad de México, México. Siglo XXI, 2000
Edice:Filosofía
Témata:
Tagy: Přidat tag
Žádné tagy, Buďte první, kdo vytvoří štítek k tomuto záznamu!

MARC

LEADER 00000cam a2200000 a 4500
001 UCG9026
003 CL-VaPUC
005 20241204153429.0
008 120120e20000000MX |||||||||||||||||spa|d
020 |a 9789682322259 
040 |c Pontificia Universidad Católica de Valparaíso 
082 0 4 |a 001.4 BUN 2000  |2 21 
100 0 |a Bunge, Mario  |9 560369 
245 1 3 |a La investigación científica: su estrategia y su filosofía 
260 |a Ciudad de México, México.  |b Siglo XXI,  |c 2000 
300 |a 805 páginas 
490 0 |a Filosofía 
650 0 |a Investigación científica  |9 259857 
650 0 |a Actividades científicas  |2 CL-VaPUC  |9 340111 
650 0 |a Investigación y desarrollo (I+D)  |9 324714 
650 0 |a Métodos de investigación   |9 262618 
650 0 |a Ciencia y tecnología  |9 260585 
942 |c BK  |2 ddc 
945 |d 20120120 00:00:00  |a cmena 
999 |c 346611  |d 346609 
952 |0 0  |1 0  |2 ddc  |4 0  |6 001_400000000000000_BUN_2000  |7 0  |8 A  |9 447386  |a BIBCUR  |b BIBCUR  |d 2019-11-22  |i 4841069  |l 1  |o 001.4 BUN 2000  |p 4841069  |r 2025-04-22  |s 2025-03-21  |t 1  |w 2019-11-22  |y BK  |k BIO 
952 |0 0  |1 0  |2 ddc  |4 0  |6 001_400000000000000_BUN_2000  |7 0  |8 A  |9 447387  |a BIBCUR  |b BIBCUR  |d 2019-11-22  |i 4850068  |l 1  |o 001.4 BUN 2000  |p 4850068  |r 2025-04-22  |s 2022-05-06  |t 2  |w 2019-11-22  |y BK  |k BIO 
952 |0 0  |1 0  |2 ddc  |4 0  |6 001_400000000000000_BUN_2000  |7 0  |8 R  |9 447388  |a BIBEDU  |b BIBEDU  |c MCIRC  |d 2019-11-22  |i 4916840  |o 001.4 BUN 2000  |p 4916840  |r 2023-01-13  |t 3  |w 2019-11-22  |y BK_R  |k EPE 
952 |0 0  |1 0  |2 ddc  |4 0  |6 001_400000000000000_BUN_2000  |7 0  |8 A  |9 582448  |a BIBAGR  |b BIBAGR  |c GEN  |d 2022-04-05  |e 59  |g 63276.63  |i 5650553  |o 001.4 BUN 2000  |p 5650553  |r 2025-01-20  |t 4  |v 63276.63  |w 2022-04-05  |y BK  |k DCA